[Event "Davos op"]
[Site "Davos"]
[Date "2023.07.01"]
[Round "3"]
[White "Tinguely, Frederic"]
[Black "Paleologu, Vladimir"]
[Result "0-1"]
[WhiteElo "1726"]
[BlackElo "2002"]
[PlyCount "86"]
[EventDate "2023.06.30"]
[EventType "swiss"]
[EventRounds "5"]
[EventCountry "SUI"]
[SourceTitle "EXT 2024"]
[Source "ChessBase"]
[SourceDate "2023.10.10"]
[SourceVersion "1"]
[SourceVersionDate "2023.10.10"]
[SourceQuality "1"]

1. d4 d6 2. e4 Nf6 3. Nc3 Nbd7 4. Nf3 e5 5. dxe5 dxe5 6. Bc4 Bb4 7. Bg5 h6 8. Bh4 Qe7 9. Qe2 g5 10. Bg3 Nh5 11. a3 Bxc3+ 12. bxc3 Nf4 13. Bxf4 gxf4 14. g3 fxg3 15. hxg3 Nb6 16. Bb3 Bg4 17. Qb5+ Nd7 18. Nh4 0-0-0 19. f3 Be6 20. Bxe6 Qxe6 21. Rb1 Qb6 22. Nf5 h5 23. Ke2 Qxb5+ 24. Rxb5 c6 25. Rb4 Kc7 26. Rd1 Nb6 27. Rxd8 Rxd8 28. Ng7 a5 29. Rb1 Nc4 30. Rh1 Rd2+ 31. Ke1 Rxc2 32. Rxh5 Rxc3 33. Rf5 Rxa3 34. Rxf7+ Kb6 35. g4 a4 36. Ne6 Ra1+ 37. Kf2 a3 38. Rf8 a2 39. g5 Rb1 40. Ra8 Na5 41. g6 a1Q 42. g7 Qb2+ 43. Kg3 Rg1+ 0-1